World's Most Valuable Currencies Quiz Stats

 Plays Quiz not verified by Sporcle

Score 0/15 Timer 04:00
0 Plays Today
Rank Currency % Correct
8. (=$1.482 US)Euro
92.5%
7. (=$2.068 US)Pound Sterling
89.7%
5. (=$2.53 US)Pound
89.3%
13. (=$1.01 US)Canadian Dollar
50.5%
14. (=$1.00 US)US Dollar
49.5%
15. (=$0.912 US)Franc
48.1%
1. (=$3.65 US)Dinar
29%
3. (=$2.66 US)Dinar
29%
Rank Currency % Correct
9. (=$1.412 US)Dinar
29%
2. (=$3.50 US)Lira
20.1%
4. (=$2.60 US)Rial
19.2%
6. (=$2.135 US)Lats
8.4%
11. (=$1.178 US)Manat
2.3%
10. (=$1.21 US)Cayman Islands Dollar
0.9%
12. (=$1.06 US)Cedi
0.9%

You're not logged in!

Compare scores with friends on all Sporcle quizzes.
OR
Log In

Show Comments

Extras

Top Quizzes Today


Score Distribution

Your Account Isn't Verified!

In order to create a playlist on Sporcle, you need to verify the email address you used during registration. Go to your Sporcle Settings to finish the process.

Report this User

Report this user for behavior that violates our Community Guidelines.

Details: